A Complete cost effective solution for rubber factory wastewater treatment (Record no. 53315)

MARC details
000 -LEADER
fixed length control field 00643nam a2200205Ia 4500
100 ## - MAIN ENTRY--AUTHOR NAME
Personal name Kudaligama K V V S
245 #2 - TITLE STATEMENT
Title A Complete cost effective solution for rubber factory wastewater treatment
260 ## - PUBLICATION, DISTRIBUTION, ETC. (IMPRINT)
Name of publisher IRRDB Natural Rubber Conference 2008, 13-15 October 2008, Kuala Lumpur, Malaysia: Abstract of papers
500 ## - GENERAL NOTE
General note Source Year: 2008
650 ## - SUBJECT ADDED ENTRY--TOPICAL TERM
Topical Term Anaerobic
650 ## - SUBJECT ADDED ENTRY--TOPICAL TERM
Topical Term Bio-brush
650 ## - SUBJECT ADDED ENTRY--TOPICAL TERM
Topical Term Specific surface area
650 ## - SUBJECT ADDED ENTRY--TOPICAL TERM
Topical Term Wastewater treatment
650 ## - SUBJECT ADDED ENTRY--TOPICAL TERM
Topical Term Water pollution
700 ## - ADDED ENTRY--PERSONAL NAME
Personal name Thurul W M
700 ## - ADDED ENTRY--PERSONAL NAME
Personal name Yapa P A J
856 ## - ELECTRONIC LOCATION AND ACCESS
Uniform Resource Identifier Abst only
942 ## - ADDED ENTRY ELEMENTS (KOHA)
Koha item type Journals
Holdings
Withdrawn status Lost status Damaged status Not for loan Home library Current library Shelving location Date acquired Koha item type
      Journals RRII Library RRII Library Rubber technology 29/01/2009 Journals